000 00300nam a22001337a 4500
008 170803b xxu||||| |||| 00| 0 eng d
020 _a9781890774516
041 _aeng
080 _a004
100 _a32
101 _aSHK
245 _aSQL SERVER 2008 FOR DEVELOPERS
_cSYVERSON,B
942 _2udc
_cBK
999 _c22630
_d22630